| 000 | 00726nam a22001937a 4500 | ||
|---|---|---|---|
| 003 | OSt | ||
| 005 | 20260127045911.0 | ||
| 008 | 260127b |||||||| |||| 00| 0 eng d | ||
| 020 | _a978-971-513-227-5. | ||
| 040 |
_aDWC-Main lib. _cOC |
||
| 082 | _aCirc. 610.73 D278 2006 | ||
| 100 | _aDe Belen, Rustico T. | ||
| 245 |
_aThe Philippine nursing act of 2002 (Republic act no. 9173) : _bcomments and annotations with lecture paper on nursing profession and the law/ _cRustico T. De Belen |
||
| 260 |
_aManila : _bEducational Publishing House, _cc2006. |
||
| 300 |
_axii, 153 p. ; _c24 cm. |
||
| 504 | _aIncludes bibliographical references. | ||
| 650 | _a1. Nursing-Law and legislation. | ||
| 942 |
_2ddc _cBK-CIRC _hCirc. _n0 |
||
| 999 |
_c7859 _d7859 |
||